Invocación del lector bogotano de finales del siglo XIX (Record no. 189914)

MARC details
000 -LEADER
campo de control de longitud fija 00954nam a2200229 i 4500
001 - NÚMERO DE CONTROL
campo de control 189914
003 - IDENTIFICADOR DE NÚMERO DE CONTROL
campo de control SpMaBN
005 - FECHA Y HORA DE LA ÚLTIMA TRANSACCIÓN
campo de control 20230906223604.0
008 - DATOS DE LONGITUD FIJA--INFORMACIÓN GENERAL
campo de control de longitud fija 191226s1993 ck |||| | spa d
080 ## - NÚMERO DE LA CLASIFICACIÓN DECIMAL UNIVERSAL
Número de la Clasificación Decimal Universal 860(861).09"18"
100 1# - ENTRADA PRINCIPAL--NOMBRE DE PERSONA
Nombre de persona Acosta Peñaloza, Carmen Elisa.
9 (RLIN) 169262
245 10 - MENCIÓN DEL TÍTULO
Título Invocación del lector bogotano de finales del siglo XIX
Resto del título : lectura de "Reminiscencias de Santafé y Bogotá" de José María Cordovez Moure /
Mención de responsabilidad, etc. Carmen Elisa Acosta Peñaloza.
260 ## - PUBLICACIÓN, DISTRIBUCIÓN, ETC.
Lugar de publicación, distribución, etc. Santafé de Bogotá :
Nombre del editor, distribuidor, etc. Instituto Caro y Cuervo,
Fecha de publicación, distribución, etc. 1993.
300 ## - DESCRIPCIÓN FÍSICA
Extensión 105 p. ;
Dimensiones 25 cm.
490 1# - MENCIÓN DE SERIE
Mención de serie Cuadernos del Seminario Andrés Bello ;
Designación de volumen o secuencia 6
600 14 - PUNTO DE ACCESO ADICIONAL DE MATERIA--NOMBRE DE PERSONA
Nombre de persona Cordovez Moure, José María.
9 (RLIN) 40571
650 #7 - PUNTO DE ACCESO ADICIONAL DE MATERIA--TÉRMINO DE MATERIA
Término de materia o nombre geográfico como elemento de entrada Literatura colombiana-
Subdivisión general Historia y crítica.
9 (RLIN) 14527
710 2# - ENTRADA AGREGADA--NOMBRE DE ENTIDAD CORPORATIVA
Nombre de entidad corporativa o nombre de jurisdicción como elemento de entrada Instituto Caro y Cuervo.
9 (RLIN) 4806
830 0# - PUNTO DE ACCESO ADICIONAL DE SERIE-TÍTULO UNIFORME
Título uniforme Cuadernos del Seminario Andrés Bello ;
Designación de volumen o secuencia 6
9 (RLIN) 193462
852 ## - LOCALIZACIÓN
Ubicación ES-MaACL
Número de control de estantería L-32497
Nota libre . - Donat. Viuda Antonio Tovar
Holdings
Estatus retirado Estado de pérdida Estado de daño No para préstamo Biblioteca de origen Biblioteca actual Ubicación en estantería Fecha de adquisición Fuente de adquisición Total de préstamos Signatura topográfica completa Código de barras Visto por última vez Precio de reemplazo Tipo de ítem Koha
        Biblioteca del Ateneo de Madrid Biblioteca del Ateneo de Madrid Depósito 2 26/12/2019     L-32497 1201448 23/02/2023 23/02/2023 Libro impreso